000 002880000a22000970004500
100 1 _aPfeifer, Gerhard
245 1 0 _aDie fremdvölkersprüche des Amos --Spätere vaticinia ex eventu?
300 _aVol. 38, Num. 2 (Abril, 1988), Páginas 230-233
773 0 _tVetus Testamentum
942 _cANA
999 _c57410
_d57410